Statistiques concernant Doigts de la main en 15 secondes

Cliquez ici pour prendre le quiz!

Statistiques générales

  • Ce quiz a été pris 146 fois
  • Le résultat moyen est 4 sur 5

Statistiques - réponses

Doigt% Correct
Pouce
96%
Index
93%
Majeur
92%
Annulaire
78%
Auriculaire
73%

Distribution des résultats

Percentile par nombre de réponses

% des personnes avec chaque résultat

Votre développement - résultats

Vous n’avez pas pris ce quiz